000 00414nam a2200157Ia 4500
008 230917s9999||||xx |||||||||||||| ||und||
040 _e202807
_aMAIN
041 _aEnglish
082 _a570.1 M531B(2)
100 _aMepham, Ben
245 0 _aBiothics: An introduction for the biosciences
250 _a2nd ed.
260 _aNew Delhi
_bOxford University Press
_c2008
300 _axviii, 418 p.
942 _cBK
999 _c171370
_d171370